00615nam a2200217Ia 4500008004100000020002200041050001700063050001400080100001700094245002200111245012000133245001600253260001300269260002200282260000900304300001500313300002800328300001100356500002000367650001000387180620s9999 xx 000 0 und d a978-1-84476-271-2 aREF RA 781.7 b.M44 2006 aMehta, Mira. 0aHow to use yoga : 2ba step-by-step guide to the lyengar method of yoga for relaxation, health and well-being shown in 450 photographs / 0cMira Mehta. aLondon : bAnnes Pub., Ltd., c2006 a96 pages : bcolored illustrations ; c30 cm. aIncludes index. aYoga.